Les années 90 en chanson - Version francophone - Statistiques

Statistiques générales
  • Ce quiz a été pris 269 fois
  • Le résultat moyen est 19 sur 50
Statistiques - réponses
Artistes Chansons Année % Correct
Francis Cabrel La corrida 1994
89%
Patricia Kaas Il me dit que je suis belle 1993
85%
Lara Fabian Je t'aime 1997
84%
Johnny Hallyday Vivre pour le meilleur 1999
75%
Lagaf' La Zoubida 1991
72%
Céline Dion Je sais pas 1995
69%
Florent Pagny Si tu veux m'essayer 1995
64%
Manau Mais qui est la belette ? 1999
57%
Stephan Eicher Pas d'ami ( comme toi ) 1992
56%
Fredericks Goldman Jones Un, deux, trois 1992
55%
Les Innocents L'autre Finistère 1993
55%
Noir Désir L'homme pressé 1997
55%
Félix Gray & Didier Barbelivien A toutes les filles 1990
54%
Les Inconnus Rap-Tout 1991
53%
Suprème NTM La fièvre 1995
51%
Axel Bauer Eteins la lumière 1992
50%
Stomy Bugsy Mon papa à moi est un gangster 1998
47%
Thierry Hazard Poupée psychédélique 1991
46%
Axelle Red Rester femme 1998
45%
Véronique Sanson Rien que de l'eau 1992
41%
Benny B Vous êtes fous ! 1990
38%
Mylène Farmer California 1996
38%
Passi Je zappe et je mate 1998
37%
Etienne Daho Mon manège à moi 1993
36%
Teri Moïse Les poèmes de Michelle 1996
34%
Alliage Baila 1997
33%
Pascal Obispo Tu compliques tout 1996
33%
Pauline Ester Oui je l'adore 1990
33%
Moos Au nom de la rose 1999
32%
MC Solaar Obsolète 1994
31%
Doc Gynéco Né ici 1997
30%
François Feldman Petit Franck 1990
27%
Boris Miss camping 1996
25%
Enzo Enzo Juste quelqu'un de bien 1994
25%
Alliance Ethnik Simple et funky 1995
23%
Jil Caplan Tout c'qui nous sépare 1991
21%
Native Si la vie demande ça 1993
21%
Alain Souchon Les regrets 1994
19%
Allan Théo Emmène-moi 1998
19%
Tonton David Sûr et certain 1994
19%
Lââm Jamais loin de toi 1999
15%
No Sé & Ménélik Quelle aventure ! 1995
14%
Roch Voisine La légende Oochigeas 1992
14%
Wazoo La manivelle 1999
14%
Akhenaton Bad boys de Marseille 1996
13%
Jane Fostin La taille de ton amour 1997
10%
Les Vagabonds Le temps des yéyés 1990
10%
Sandy Valentino Pourquoi ? 1998
5%
Les Charts Aime-moi encore 1993
4%
Sara Mandiano J'ai des doutes 1991
4%
Aucun quiz correspondant
Distribution des résultats
% des personnes avec chaque résultat
Percentile par nombre de réponses
Votre historique - résultats
Vous n’avez pas pris ce quiz